Become the music / (Record no. 339965)
[ view plain ]
| 000 -LEADER | |
|---|---|
| fixed length control field | 00638nam a2200241Ia 4500 |
| 008 - FIXED-LENGTH DATA ELEMENTS--GENERAL INFORMATION | |
| fixed length control field | 170711s9999 xx 000 0 und d |
| 020 ## - INTERNATIONAL STANDARD BOOK NUMBER | |
| International Standard Book Number | 9780021787630 |
| 050 ## - LIBRARY OF CONGRESS CALL NUMBER | |
| Classification number | 372.4 |
| 050 ## - LIBRARY OF CONGRESS CALL NUMBER | |
| Item number | A638 1993 |
| 100 ## - MAIN ENTRY--PERSONAL NAME | |
| Personal name | Aoki, Elaine Mei |
| 245 ## - TITLE STATEMENT | |
| Title | Become the music / |
| 245 ## - TITLE STATEMENT | |
| Statement of responsibility, etc | Elaine Mei Aoki, Virginia A. Arnold and James Flood. |
| 260 ## - PUBLICATION, DISTRIBUTION, ETC. (IMPRINT) | |
| Place of publication, distribution, etc | New York : |
| 260 ## - PUBLICATION, DISTRIBUTION, ETC. (IMPRINT) | |
| Name of publisher, distributor, etc | MacMillan, |
| 260 ## - PUBLICATION, DISTRIBUTION, ETC. (IMPRINT) | |
| Date of publication, distribution, etc | 1993 |
| 300 ## - PHYSICAL DESCRIPTION | |
| Extent | 592 pages : |
| 300 ## - PHYSICAL DESCRIPTION | |
| Other physical details | colored illustrations ; |
| 300 ## - PHYSICAL DESCRIPTION | |
| Dimensions | 28cm. |
| 650 ## - SUBJECT ADDED ENTRY--TOPICAL TERM | |
| Topical term or geographic name as entry element | Reading (Elementary) -- |
| 650 ## - SUBJECT ADDED ENTRY--TOPICAL TERM | |
| Topical term or geographic name as entry element | Reading (Elementary). |
| 650 ## - SUBJECT ADDED ENTRY--TOPICAL TERM | |
| General subdivision | Language experience approach. |
| 700 ## - ADDED ENTRY--PERSONAL NAME | |
| Personal name | Title. |
No items available.